La investigación-acción en educación

Enregistré dans:
Détails bibliographiques
Auteur principal: Elliott, John (Auteur)
Format: Livre
Langue:espagnol
Publié: Madrid Morata 1990
Édition:1a. ed
Collection:Colección Pedagogía. Manuales
Sujets:
Tags: Ajouter un tag
Pas de tags, Soyez le premier à ajouter un tag!

MARC

LEADER 00000nam a2200000 a 4500
001 UCY2566
003 CL-VaPUC
008 941103e19900000SP |||||||||||||||||spa|d
020 |a 847112341X 
082 0 4 |a 370.78  |b ELL  |2 21 
100 0 |a Elliott, John  |e author  |9 330612 
245 1 3 |a La investigación-acción en educación 
250 |a 1a. ed 
300 |a 334 p 
942 |c BK 
945 |d 19941103 00:00:00  |a rbrito 
260 |a Madrid  |b Morata  |c 1990 
650 0 |a Investigación educacional   |9 261192 
583 |a last modification  |c 19941103 00:00:00  |k Rodrigo Vera 
490 0 |a Colección Pedagogía. Manuales 
999 |c 230937  |d 230935 
952 |0 0  |1 0  |4 0  |6 370_780000000000000_ELL_1990  |7 0  |8 A  |9 233625  |a BIBEDU  |b BIBEDU  |c ES_NOD  |d 2019-11-15  |i 3028720  |o 370.78 ELL 1990  |p 3028720  |r 2023-08-09  |w 2019-11-15  |y BK  |k EDU 
952 |0 0  |1 0  |4 0  |6 370_780000000000000_ELL_1990  |7 0  |8 A  |9 233626  |a BIBEDU  |b BIBEDU  |c ES_NOD  |d 2019-11-15  |i 377578K  |l 1  |m 1  |o 370.78 ELL 1990  |p 377578K  |r 2023-08-09  |s 2021-10-28  |w 2019-11-15  |y BK  |k EDU 
952 |0 0  |1 0  |4 0  |6 370_780000000000000_ELL_1990  |7 0  |8 A  |9 233627  |a BIBEDU  |b BIBEDU  |c ES_NOD  |d 2019-11-15  |i 417853K  |o 370.78 ELL 1990  |p 417853K  |r 2023-08-09  |w 2019-11-15  |y BK  |k EDU 
952 |0 0  |1 0  |4 0  |6 370_780000000000000_ELL_1990  |7 0  |8 A  |9 233628  |a BIBING  |b BIBING  |d 2019-11-15  |i 4283279  |l 2  |o 370.78 ELL 1990  |p 4283279  |r 2025-01-20  |s 2022-03-24  |w 2019-11-15  |y BK  |k GEO